A Traveller in Little Things (Record no. 237282)
[ view plain ]
| 000 -LEADER | |
|---|---|
| fixed length control field | 01667cam a22002653a 4500 |
| 001 - CONTROL NUMBER | |
| control field | 7982 |
| 003 - CONTROL NUMBER IDENTIFIER | |
| control field | PGUSA |
| 005 - DATE AND TIME OF LATEST TRANSACTION | |
| control field | 20140828083151.0 |
| 008 - FIXED-LENGTH DATA ELEMENTS--GENERAL INFORMATION | |
| fixed length control field | 050401s2005||||xxu|||||s|||||000 p eng d |
| 040 ## - CATALOGING SOURCE | |
| Original cataloging agency | PGUSA |
| Language of cataloging | eng |
| 042 ## - AUTHENTICATION CODE | |
| Authentication code | dc |
| 050 #4 - LIBRARY OF CONGRESS CALL NUMBER | |
| Classification number | PR |
| 100 1# - MAIN ENTRY--PERSONAL NAME | |
| Personal name | Hudson, W. H. |
| Fuller form of name | (William Henry), |
| Dates associated with a name | 1841-1922 |
| 245 12 - TITLE STATEMENT | |
| Title | A Traveller in Little Things |
| Medium | [electronic resource] / |
| Statement of responsibility, etc | W. H. Hudson |
| 260 ## - PUBLICATION, DISTRIBUTION, ETC. (IMPRINT) | |
| Name of publisher, distributor, etc | Project Gutenberg, |
| Date of publication, distribution, etc | 2005 |
| 505 0# - FORMATTED CONTENTS NOTE | |
| Formatted contents note | How I found my title -- The old man's delusion -- As a tree falls -- Blood, a story of two brothers -- A story of long descent -- A second story of two brothers -- A third story of two brothers -- The two white houses, a memory -- Dandy, a story of a dog -- The samphire getherer -- A Surrey village -- A Wiltshire village -- Her own village -- Apple blossoms and a lost village -- The vanishing curtsey -- Little girls I have met -- Millicent and another -- Freckles -- On Cromer beach -- Dimples -- Wild flowers and little girls -- Little girl lost -- A spray of Southernwood -- In Porchester churchyard -- Homeless -- The story of a skull -- A story of a walnut -- A story of a jackdaw -- A wonderful story of a mackerel -- Strangers yet -- The return of the chiff-chaff -- A wasp at table -- Wasps and men -- In Chitterne churchyard -- A haunter of churchyards -- The dead and the living -- A story of three poems. |
| 506 ## - RESTRICTIONS ON ACCESS NOTE | |
| Terms governing access | Public domain in the USA. |
| 516 ## - TYPE OF COMPUTER FILE OR DATA NOTE | |
| Type of computer file or data note | Electronic text |
| 653 ## - INDEX TERM--UNCONTROLLED | |
| Uncontrolled term | Authors, English -- 19th century |
| 653 ## - INDEX TERM--UNCONTROLLED | |
| Uncontrolled term | English essays |
| 653 ## - INDEX TERM--UNCONTROLLED | |
| Uncontrolled term | Natural history -- England |
| 830 #0 - SERIES ADDED ENTRY--UNIFORM TITLE | |
| Uniform title | Project Gutenberg |
| Volume number/sequential designation | 7982 |
| 856 40 - ELECTRONIC LOCATION AND ACCESS | |
| Uniform Resource Identifier | <a href="http://www.gutenberg.org/ebooks/7982">http://www.gutenberg.org/ebooks/7982</a> |
| 942 ## - ADDED ENTRY ELEMENTS (KOHA) | |
| Koha item type | eBooks |
| Withdrawn status | Lost status | Damaged status | Home library | Current library | Date acquired | Total Checkouts | Date last seen | Price effective from | Koha item type |
|---|---|---|---|---|---|---|---|---|---|
| Project Gutenberg | Project Gutenberg | 08/28/2014 | 08/28/2014 | 08/28/2014 | eBooks |